عرض عادي
عرض مارك
- الراجحي , عبده
مدخل إسم شخص
001 - رقم الضبط
- حقل الضبط: 1137
003 - معرف رقم الضبط
- حقل الضبط: OSt
005 - تاريخ ووقت أخر عملية
- حقل الضبط: 20110720183756.0
008 - عناصر بيانات ثابتة الطول
- حقل تحكم ثابت الطول: 110720|||a|||||| | ||| d
040 ## - مصدر الفهرسة
- هيئة الفهرسة الأصلية: OSt
- وكالة الكتابة: OSt
100 ## - مدخل -- أسم شخص
- إسم شخص: الراجحي , عبده
670 ## - بيانات المصدر موجوده
- الاستشهاد بالمصدر: Work cat.: (OSt)2397: الراجحي , عبده, التطبيق الصرفي/, 1973
